Dork diaries 1: tales from a not so fabulous life (Record no. 9176)

MARC details
000 -LEADER
fixed length control field 01094nam a22002177a 4500
003 - CONTROL NUMBER IDENTIFIER
control field OSt
005 - DATE AND TIME OF LATEST TRANSACTION
control field 20260317003302.0
008 - FIXED-LENGTH DATA ELEMENTS--GENERAL INFORMATION
fixed length control field 260317b |||||||| |||| 00| 0 eng d
020 ## - INTERNATIONAL STANDARD BOOK NUMBER
International Standard Book Number 978-1-4169-8006-3
040 ## - CATALOGING SOURCE
Original cataloging agency DWCL GS lib
Transcribing agency OC
082 ## - DEWEY DECIMAL CLASSIFICATION NUMBER
Classification number R961d 2009
100 ## - MAIN ENTRY--PERSONAL NAME
Personal name RUSSELL, RACHEL RENEE
245 ## - TITLE STATEMENT
Title Dork diaries 1: tales from a not so fabulous life
Statement of responsibility, etc. RACHEL RENEE RUSSELL
260 ## - PUBLICATION, DISTRIBUTION, ETC.
Place of publication, distribution, etc. New York
Name of publisher, distributor, etc. Aladdin
Date of publication, distribution, etc. 2009
300 ## - PHYSICAL DESCRIPTION
Extent 282+ p
Dimensions 21 cm
520 ## - SUMMARY, ETC.
Summary, etc. introduces Nikki Maxwell, an 8th grader attending a snooty private school on a scholarship. She struggles to fit in, dealing with mean girl MacKenzie Hollister, embarrassing family, and her crush on Brandon. Nikki documents her dramatic life, new friendships with Chloe and Zoey, and artistic pursuits in her diary.
650 ## - SUBJECT ADDED ENTRY--TOPICAL TERM
Topical term or geographic name entry element a diary-style novel following 8th grader Nikki Maxwell as she navigates a new, posh private school.
650 ## - SUBJECT ADDED ENTRY--TOPICAL TERM
Topical term or geographic name entry element embrace your inner "dork," stay true to yourself, and find confidence in your uniqueness rather than conforming to fit in.
700 ## - ADDED ENTRY--PERSONAL NAME
Personal name RACHEL RENEE RUSSELL
942 ## - ADDED ENTRY ELEMENTS (KOHA)
Source of classification or shelving scheme Dewey Decimal Classification
Koha item type Fiction
Suppress in OPAC No

No items available.